000 00870nas a2200277 4500
001 BR2011006864
003 BR-BrBNA
005 20231205120057.0
007 ta
008 230509b bl.|||p| |||| 00| 00por d
040 _aBR-BrBNA
_bpor
_cBiblioteca Nacional de Agricultura
041 _a(Pt)
072 _aP36
100 1 _aSantos, G.G.
100 1 _aGriebeler, N.P.
100 1 _aOliveira, L.F.C. de
245 1 _aChuvas intensas relacionadas à erosão hídrica
650 _aHIDROLOGIA
650 _aPRECIPITAÇÃO PLUVIAL
650 _aENXURRADA
650 _aESCOAMENTO
773 0 _tRevista Brasileira de Engenharia Agrícola e Ambiental (Brazil)
_xISSN 1807-1929
_g(Fev 2010), v.14(2) p. 115-123
_wBR2011006864
856 4 0 _uhttp://www.scielo.br/pdf/rbeaa/v14n2/v14n02a01.pdf
909 _a202311
_bLúcia
_c55
_dLúcia Elande
942 _2AGRIS
_n0
_cANA
999 _c216960
_d216960